The Streak - Statistics

General Stats
  • This quiz has been taken 49 times
    29 since last reset
  • The average score is 20 of 28
Answer Stats
Wrestlemania Superstar Result % Correct
Wrestlemania XXV Shawn Michaels 17-0
92%
Wrestlemania XXVI Shawn Michaels 18-0
92%
Wrestlemania X-Seven Triple H 9-0
92%
Wrestlemania XVII Triple H 19-0
92%
Wrestlemania XVIII Triple H 20-0
92%
Wrestlemania XXX Brock Lesnar 21-1
88%
Wrestlemania 34 John Cena 23-2
88%
Wrestlemania XIX Big Show 11-0
84%
Wrestlemania 33 Roman Reigns 23-2
84%
Wrestlemania XXIV Edge 16-0
80%
Wrestlemania XIV Kane 7-0
80%
Wrestlemania XX Kane 12-0
80%
Wrestlemania 31 Bray Wyatt 22-1
76%
Wrestlemania 29 CM Punk 21-0
76%
Wrestlemania 32 Shane McMahon 23-1
76%
Wrestlemania 23 Batista 15-0
72%
Wrestlemania 36 AJ Styles 24-2
68%
Wrestlemania 21 Randy Orton 13-0
68%
Wrestlemania8 Ric Flair 10-0
64%
Wrestlemania XIX A-Train 11-0
60%
Wrestlemania VII Jimmy 'Superfly' Snuka 1-0
60%
Wrestlemania 13 Sycho Sid 6-0
60%
Wrestlemania XV Big Boss Man 8-0
56%
Wrestlemania 22 Mark Henry 14-0
56%
Wrestlemania XII Diesel 5-0
52%
Wrestlemania XI King Kong Bundy 4-0
52%
Wrestlemania VIII Jake 'The Snake' Roberts 2-0
48%
Wrestlemania IX Giant Gonzales 3-0
36%
No matching quizzes found
Score Distribution
Percent of People with Each Score
Percentile by Number Answered
Your Score History
You have not taken this quiz since the last reset